Políticas macroeconómicas en tiempo de crisis : (Registro nro. 15409)

Detalles MARC
000 -LEADER
fixed length control field 01287nam a22002537a 4500
003 - CONTROL NUMBER IDENTIFIER
control field OSt
005 - DATE AND TIME OF LATEST TRANSACTION
control field 20210317115627.0
008 - FIXED-LENGTH DATA ELEMENTS--GENERAL INFORMATION
fixed length control field 210317s2009 cl ad||fr|||| 00| 0 spa d
040 ## - CATALOGING SOURCE
Original cataloging agency CO-JMCR
Transcribing agency CO-JMCR
041 0# - LANGUAGE CODE
Language code of text/sound track or separate title spa
082 04 - DEWEY DECIMAL CLASSIFICATION NUMBER
Classification number 339.5 /
Item number K113p
Edition number 23
100 1# - MAIN ENTRY--PERSONAL NAME
Personal name Kacef, Osvaldo,
Relator term compilador
9 (RLIN) 36219
245 10 - TITLE STATEMENT
Title Políticas macroeconómicas en tiempo de crisis :
Remainder of title opciones y perspectivas /
Statement of responsibility, etc. Osvaldo Kacef y Juan Pablo Jiménez compiladores
260 ## - PUBLICATION, DISTRIBUTION, ETC.
Place of publication, distribution, etc. Santiago de Chile :
Name of publisher, distributor, etc. Cepal,
Date of publication, distribution, etc. 2009
300 ## - PHYSICAL DESCRIPTION
Extent 112 páginas :
Other physical details ilustraciones y gráficas a blanco y negro ;
Dimensions 28 cm.
490 0# - SERIES STATEMENT
Series statement Cepal- Colección Documentos de proyectos
500 ## - GENERAL NOTE
General note Incluye notas a pie de página.
504 ## - BIBLIOGRAPHY, ETC. NOTE
Bibliography, etc. note Bibliografía: páginas 107-112
505 0# - FORMATTED CONTENTS NOTE
Title Crisis y políticas públicas en América Latina y el Continente /
Statement of responsibility Osvaldo Kacef
Title Crisis, volatilidad y política fiscal en América Latina /
Statement of responsibility José María Faneli y Juan Pablo Jiménez
Title El papel de la política tributaria frente a la crisis: límites y posibilidades /
Statement of responsibility Juan Carlos Gómez Sabaini y Juan Pablo Jiménez
650 14 - SUBJECT ADDED ENTRY--TOPICAL TERM
Topical term or geographic name entry element Política macroeconómica
Geographic subdivision América Latina
9 (RLIN) 36220
650 24 - SUBJECT ADDED ENTRY--TOPICAL TERM
Topical term or geographic name entry element Crisis
General subdivision Política públicas
Geographic subdivision América Latina
9 (RLIN) 36221
700 1# - ADDED ENTRY--PERSONAL NAME
Personal name Jiménez, Juan Pablo,
Relator term compilador
9 (RLIN) 6523
942 ## - ADDED ENTRY ELEMENTS (KOHA)
Source of classification or shelving scheme Dewey Decimal Classification
Koha item type Books
Existencias
Withdrawn status Lost status Source of classification or shelving scheme Damaged status Not for loan Collection code Home library Current library Date acquired Source of acquisition Total Checkouts Full call number Barcode Date last seen Copy number Price effective from Koha item type
    Dewey Decimal Classification     Non-fiction Biblioteca Pública José María del Castillo y Rada Biblioteca Pública José María del Castillo y Rada 10/02/2020 Donación   339.5 / K113p 201808551 05/16/2024 Ej.1 03/17/2021 Books